000 00378 a2200157 4500
001 76081
020 _a9788544500934
040 _cAnchieta - Colégio São Paulo
100 _aROZEN, Beti
240 1 0 _aUm coração à procura de abrigo
_lpor
245 1 0 _aUm coração à procura de abrigo
300 _a26
362 0 _a2015
650 4 _aLiteratura infantil
942 _cBK
999 _c76081
_d76081